Modes of the fantastic : selected essays from the twelfth International Conference on the Fantastic in the Arts
Αποθηκεύτηκε σε:
| Άλλοι συγγραφείς: | , |
|---|---|
| Μορφή: | Βιβλίο |
| Γλώσσα: | English |
| Δημοσίευση: |
Westport, Conn. :
Greenwood Press,
1995
|
| Σειρά: | Contributions to the study of science fiction and fantasy ;
; 66 |
| Θέματα: | |
| Ετικέτες: |
Προσθήκη ετικέτας
Δεν υπάρχουν, Καταχωρήστε ετικέτα πρώτοι!
|
MARC
| LEADER | 00000nam a2200000 i 4500 | ||
|---|---|---|---|
| 001 | 1/63096 | ||
| 008 | 071115s1995 eng d | ||
| 020 | |a 0-313-29085-7 | ||
| 035 | |l 10092310 | ||
| 040 | |a GR-MY-UA |b gre |e aacr | ||
| 041 | 0 | |a eng | |
| 082 | 0 | |a 809.915 |2 (22) | |
| 245 | 1 | 0 | |a Modes of the fantastic : |b selected essays from the twelfth International Conference on the Fantastic in the Arts / |c edited by Robert A. Latham and Robert A. Collins |
| 260 | |a Westport, Conn. : |b Greenwood Press, |c 1995 | ||
| 300 | |a xxi, 233 σ.; |c 25 εκ. | ||
| 490 | 1 | |a Contributions to the study of science fiction and fantasy |v ; 66 | |
| 504 | |a Περιλαμβάνει βιβλιογραφίες και ευρετήριο | ||
| 650 | 0 | 0 | |a Fantasy literature |x History and criticism. |
| 700 | 1 | |a Latham, Robert A. |4 edt | |
| 700 | 1 | |a Collins, Robert A. |4 edt | |
| 830 | 0 | |a Contributions to the study of science fiction and fantasy ; |v ; 66 | |
| 852 | |a INST |b RHODES |e 20071115 |h 809.915 INT |p 005400025270 |q 005400025270 |t BK |y 0 | ||
| 901 | |a BIBL4-2007-3 | ||
| 909 | |a Ρ |b 140136 | ||
| 922 | |a 4ΕΛΗ |b 200710 |c ΕΠΕΑΕΚ2/ΠΤΔΕ |d ΕΛΕΥΘΕΡΟΥΔΑΚΗΣ | ||
| 970 | |a ΜΙΣΣΟΣ |b ΣΤΑΥΡΟΣ |z 2007/11/15 | ||